MARC

LEADER 00000nam0a2200000 4500
001 362416
005 20231102011504.0
035 |a (RuTPU)RU\TPU\retro\19762 
090 |a 362416 
100 |a 20210726d1980 km y0rusy50 ca 
101 0 |a rus 
102 |a RU 
105 |a a z 001zy 
200 1 |a Применение математической статистики и теории планирования эксперимента в обработке металлов давлением  |f С. П. Яковлев, В. Г. Григорович  |g Тульский политехнический институт 
210 |a Тула  |c Изд-во ТулПИ  |d 1980 
215 |a 80 с.  |c ил. 
320 |a Библиогр.: с. 77 
606 1 |a Металлообработка давлением  |x Математические исследования  |2 stltpush  |3 (RuTPU)RU\TPU\subj\42501  |9 62167 
610 1 |a корреляционно-регрессионный анализ 
610 1 |a экстремальный эксперимент 
610 1 |a планирование эксперимента 
610 1 |a математическая статистика 
675 |a 621.73  |v 4 
700 1 |a Яковлев  |b С. П.  |g Сергей Петрович 
701 1 |a Григорович  |b В. Г.  |g Вячеслав Георгиевич 
712 0 2 |a Тульский политехнический институт  |c (1963-1992)  |2 stltpush  |3 (RuTPU)RU\TPU\col\284  |9 23322 
801 1 |a RU  |b 63413507  |c 20210726 
801 2 |a RU  |b 63413507  |c 20220608  |g RCR 
942 |c BK